00340nam a22001097a 4500082001500000100003500015245005400050250002000104260005000124300000800174650004800182 a541.37 TRE aInstitiute of chemistry ceylon aTrends and advances in electrochemical technology aSeminar Reports aColombobInstitiute of Chemistry Ceylonc2006 a101 aelectrochemical technologyaseminar reports